Statistiken für Top 15 Länder mit Covid-19-Todesfällen - 8. Dezember 2021

Klicken Sie hier um das Quiz zu spielen!

Allgemein

  • Dieses Quiz wurde 11 mal gespielt
  • Das Durchschnittsergebnis liegt bei 16 aus 27

Antwortstatistiken

Land% Korrekt
Brasilien
91%
Deutschland
91%
Frankreich
91%
Mexiko
91%
Vereinigtes Königreich
91%
Vereinigte Staaten
91%
Argentinien
82%
Indien
82%
Italien
82%
Russland
82%
Kolumbien
73%
Iran
64%
Peru
64%
Indonesien
55%
Tschechien
55%
Bulgarien
45%
Kroatien
45%
Slowakei
45%
Slowenien
45%
Ungarn
45%
Georgien
36%
Litauen
36%
Rumänien
36%
Südafrika
36%
Bosnien und Herzegowina
27%
Nordmazedonien
27%
Armenien
18%

Verteilung der Resultate

Perzentil nach korrekt beantworteten Fragen

Anzahl Personen mit jedem Resultat

Ihre Resultats-Entwicklung

Sie haben dieses Quiz noch nicht gespielt